000 00458pab a2200169 454500
008 180718b1999 xxu||||| |||| 00| 0 eng d
100 _aRajbhandari, Shankar P.
245 _aChanging role of organisation leaders in modern organisation management
260 _c1999
300 _ap.10-24
362 _aJan
650 _aManagement
650 _aOrganization
650 _aLeadership
773 _aAdministration and Management Review
909 _a41434
999 _c41434
_d41434